| 000 | 01518cam a2200349 i 4500 | ||
|---|---|---|---|
| 999 |
_c29301 _d29272 |
||
| 001 | 20453997 | ||
| 003 | EG-ScBUE | ||
| 005 | 20210802130915.0 | ||
| 008 | 210802t2018 enk f b 001 0 eng d | ||
| 020 | _a9781108462747 (paperback : alk. paper) | ||
| 040 |
_aDLC _beng _erda _cDLC _dEG-ScBUE |
||
| 082 | 0 | 4 |
_a327.101 _bREU _222 |
| 100 | 1 |
_aReus-Smit, Christian, _d1961- _eauthor. _96742 |
|
| 245 | 1 | 0 |
_aOn cultural diversity : _binternational theory in a world of difference / _cChristian Reus-Smit, University of Queensland. |
| 264 | 1 |
_aCambridge, United Kingdom ; _aNew York, NY : _bUniversity Printing House, _c[2018] |
|
| 264 | 4 | _cc2018 | |
| 300 |
_axiii, 263 pages ; _c24 cm. |
||
| 336 |
_atext _btxt _2rdacontent |
||
| 337 |
_aunmediated _bn _2rdamedia |
||
| 338 |
_avolume _bnc _2rdacarrier |
||
| 490 | 0 | _aLSE international Studies | |
| 504 | _aIncludes bibliographical references and index. | ||
| 505 | 0 | _aThe road not taken -- Cultured realism -- The culture of international society -- Culture as norms -- Rational culture -- The organization of diversity. | |
| 650 | 7 |
_aInternational relations _xSocial aspects. _2BUEsh |
|
| 650 | 7 |
_aCultural pluralism. _2BUEsh |
|
| 653 |
_bBUSBOL _cAugust2021 |
||
| 655 |
_vReading book _934232 |
||
| 906 |
_a7 _bcbc _corignew _d1 _eecip _f20 _gy-gencatlg |
||
| 942 |
_2ddc _cBB |
||